[Event "SVK-chT2C 2324"]
[Site "Slovakia"]
[Date "2024.03.16"]
[Round "10.4"]
[White "Csomos, Martin"]
[Black "Aliev, Pavel"]
[Result "0-1"]
[WhiteElo "1953"]
[BlackElo "1992"]
[PlyCount "60"]
[EventDate "2023.10.07"]
[EventType "team-tourn"]
[EventRounds "11"]
[EventCountry "SVK"]
[SourceTitle "EXT 2025"]
[Source "ChessBase"]
[SourceDate "2024.10.14"]
[SourceVersion "1"]
[SourceVersionDate "2024.10.14"]
[SourceQuality "1"]
[WhiteTeam "Martin Medea"]
[BlackTeam "Filakovo"]
[WhiteTeamCountry "SVK"]
[BlackTeamCountry "SVK"]

1. Nf3 c5 2. g3 Nc6 3. Bg2 g6 4. d4 cxd4 5. Nxd4 Bg7 6. Nxc6 bxc6 7. 0-0 Nf6 8. c4 0-0 9. Nc3 d6 10. Qc2 Be6 11. b3 d5 12. c5 Bf5 13. Qd2 Ne4 14. Bxe4 dxe4 15. e3 Qxd2 16. Bxd2 Rfd8 17. Be1 Bh3 18. Rc1 Bxc3 19. Bxc3 Bxf1 20. Kxf1 Rd3 21. Ke2 Rd5 22. Be1 f5 23. b4 Rb8 24. Rc2 g5 25. Rc4 a5 26. a3 Rd3 27. Bc3 axb4 28. Bxb4 e5 29. f3 exf3+ 30. Kxd3 Rd8+ 0-1

[Event "SVK-chT2C 2324"]
[Site "Slovakia"]
[Date "2023.10.08"]
[Round "2.5"]
[White "Listiak, Juraj"]
[Black "Csomos, Martin"]
[Result "1/2-1/2"]
[WhiteElo "1946"]
[BlackElo "1953"]
[PlyCount "50"]
[EventDate "2023.10.07"]
[EventType "team-tourn"]
[EventRounds "11"]
[EventCountry "SVK"]
[SourceTitle "EXT 2025"]
[Source "ChessBase"]
[SourceDate "2024.10.14"]
[SourceVersion "1"]
[SourceVersionDate "2024.10.14"]
[SourceQuality "1"]
[WhiteTeam "Banska Bystrica PSK"]
[BlackTeam "Martin Medea"]
[WhiteTeamCountry "SVK"]
[BlackTeamCountry "SVK"]

1. e4 Nf6 2. Nc3 d6 3. g3 g6 4. Bg2 Bg7 5. Nge2 c6 6. 0-0 0-0 7. h3 e5 8. d3 Nbd7 9. Be3 Re8 10. Qd2 Nf8 11. f4 exf4 12. Nxf4 Ne6 13. Rf2 Nxf4 14. Rxf4 d5 15. exd5 Nxd5 16. Nxd5 cxd5 17. c3 Be5 18. Rf3 Be6 19. d4 Bg7 20. Raf1 Qd7 21. Kh2 h5 22. Bg5 f5 23. Re1 Bf7 24. Rfe3 Rxe3 25. Rxe3 Re8 1/2-1/2